[Event "ISR-chT"]
[Site "Israel"]
[Date "2024.02.16"]
[Round "7.16"]
[White "Sidorenko, Ilya"]
[Black "Ben Menachem, Itzhak"]
[Result "1-0"]
[WhiteElo "2382"]
[BlackElo "2281"]
[PlyCount "97"]
[EventDate "2024.01.10"]
[EventType "team-tourn"]
[EventRounds "11"]
[EventCountry "ISR"]
[SourceTitle "CB09_2024"]
[SourceDate "2024.02.28"]
[SourceVersion "1"]
[SourceVersionDate "2024.02.28"]
[SourceQuality "1"]
[WhiteTeam "Ramat Gan Etiod"]
[BlackTeam "Herzliya Haim"]
[WhiteTeamCountry "ISR"]
[BlackTeamCountry "ISR"]

1. e4 e5 2. Nf3 Nc6 3. Bb5 Nf6 4. 0-0 Nxe4 5. d4 Nd6 6. Ba4 e4 7. Re1 Be7 8. Ne5 0-0 9. Nc3 f5 10. Bf4 Nxe5 11. dxe5 Nf7 12. Bb3 Kh8 13. Qh5 g6 14. Qe2 Bg5 15. Bxg5 Nxg5 16. Rad1 c6 17. Qd2 Qe7 18. h4 Nf7 19. Bxf7 Rxf7 20. Qf4 b6 21. Rd6 Ba6 22. Red1 Re8 23. Rxd7 Qxd7 24. Rxd7 Rxd7 25. h5 Kg7 26. g4 Rf7 27. h6+ Kg8 28. e6 Rfe7 29. gxf5 gxf5 30. Qg5+ Kh8 31. Qf6+ Kg8 32. Qg5+ Kh8 33. Qf6+ Kg8 34. b3 Bc8 35. Qg5+ Kh8 36. Qf6+ Kg8 37. Ne2 Bxe6 38. Nf4 Bd7 39. Nh5 Rf7 40. Qg5+ Kh8 41. Kf1 c5 42. c4 Ref8 43. Qf4 Bc8 44. a4 Re8 45. a5 bxa5 46. Qe3 Re5 47. Qc3 Rfe7 48. Qxa5 Rd7 49. Nf6 1-0

[Event "ISR-chT"]
[Site "Israel"]
[Date "2024.02.09"]
[Round "5.16"]
[White "Globus, Or"]
[Black "Sidorenko, Ilya"]
[Result "1/2-1/2"]
[WhiteElo "2434"]
[BlackElo "2382"]
[PlyCount "57"]
[EventDate "2024.01.10"]
[EventType "team-tourn"]
[EventRounds "11"]
[EventCountry "ISR"]
[SourceTitle "CB09_2024"]
[SourceDate "2024.02.28"]
[SourceVersion "1"]
[SourceVersionDate "2024.02.28"]
[SourceQuality "1"]
[WhiteTeam "Ashdod"]
[BlackTeam "Ramat Gan Etiod"]
[WhiteTeamCountry "ISR"]
[BlackTeamCountry "ISR"]

1. d4 Nf6 2. c4 g6 3. g3 Bg7 4. Bg2 d6 5. Nc3 0-0 6. Nf3 Nbd7 7. 0-0 e5 8. e4 exd4 9. Nxd4 Re8 10. h3 Nc5 11. Re1 h6 12. Kh2 Ne6 13. Be3 Nd7 14. Qd2 Nxd4 15. Bxd4 Ne5 16. b3 c5 17. Be3 Qf6 18. Bxh6 Bxh3 19. Nd5 Nf3+ 20. Bxf3 Qxf3 21. Kxh3 Bxa1 22. Rxa1 Re5 23. Bg5 Rxg5 24. Qxg5 Kg7 25. Qf6+ Qxf6 26. Nxf6 Kxf6 27. Rd1 Ke6 28. Kg2 a6 29. Rd5 1/2-1/2

[Event "ISR-chT"]
[Site "Israel"]
[Date "2024.01.20"]
[Round "4.10"]
[White "Sidorenko, Ilya"]
[Black "Mikhalevski, Victor"]
[Result "0-1"]
[WhiteElo "2382"]
[BlackElo "2512"]
[PlyCount "116"]
[EventDate "2024.01.10"]
[EventType "team-tourn"]
[EventRounds "11"]
[EventCountry "ISR"]
[SourceTitle "CB09_2024"]
[SourceDate "2024.02.28"]
[SourceVersion "1"]
[SourceVersionDate "2024.02.28"]
[SourceQuality "1"]
[WhiteTeam "Ramat Gan Etiod"]
[BlackTeam "Beer Sheva"]
[WhiteTeamCountry "ISR"]
[BlackTeamCountry "ISR"]

1. e4 e5 2. Nf3 Nc6 3. Bb5 a6 4. Ba4 Nf6 5. 0-0 Nxe4 6. d4 b5 7. Bb3 d5 8. dxe5 Be6 9. Nbd2 Nc5 10. c3 Be7 11. Bc2 d4 12. Nb3 dxc3 13. Nxc5 Bxc5 14. Be4 Qd7 15. Bg5 h6 16. Bh4 Rb8 17. Qc2 Nd4 18. Nxd4 Bxd4 19. bxc3 Bxe5 20. f4 Bf6 21. Bxf6 gxf6 22. Rad1 Qe7 23. Qf2 Kf8 24. Rfe1 Rd8 25. Bb7 Rxd1 26. Rxd1 Kg7 27. Bxa6 c6 28. f5 Bc4 29. a4 Ra8 30. Re1 Qc7 31. Qd4 h5 32. Re3 Qa7 33. Qxa7 Rxa7 34. axb5 cxb5 35. Bc8 Kf8 36. Re4 Ra3 37. Bd7 Rxc3 38. Re8+ Kg7 39. Rb8 h4 40. Rb7 Rc1+ 41. Kf2 Rc2+ 42. Kg1 Bd5 43. Rxb5 Rxg2+ 44. Kf1 Rd2 45. Ke1 Rd4 46. Kf2 Ba8 47. Ra5 Bb7 48. Be8 Rd2+ 49. Kg1 Rg2+ 50. Kf1 Rxh2 51. Rc5 Be4 52. Bc6 Rc2 53. Rxc2 Bxc2 54. Bd7 Kh6 55. Kg2 Kg5 56. Be8 Bb3 57. Bd7 Kg4 58. Kh2 Bd5 0-1

[Event "ISR-chT"]
[Site "Israel"]
[Date "2024.01.19"]
[Round "3.4"]
[White "Baron, Tal"]
[Black "Sidorenko, Ilya"]
[Result "1-0"]
[WhiteElo "2487"]
[BlackElo "2382"]
[PlyCount "87"]
[EventDate "2024.01.10"]
[EventType "team-tourn"]
[EventRounds "11"]
[EventCountry "ISR"]
[SourceTitle "CB09_2024"]
[SourceDate "2024.02.28"]
[SourceVersion "1"]
[SourceVersionDate "2024.02.28"]
[SourceQuality "1"]
[WhiteTeam "Petach Tikva"]
[BlackTeam "Ramat Gan Etiod"]
[WhiteTeamCountry "ISR"]
[BlackTeamCountry "ISR"]

1. e4 c5 2. Nf3 d6 3. d4 cxd4 4. Nxd4 Nf6 5. Nc3 g6 6. Be3 Bg7 7. h3 0-0 8. Qd2 d5 9. exd5 Nxd5 10. 0-0-0 Nxe3 11. Qxe3 Qa5 12. Nb3 Qe5 13. Qxe5 Bxe5 14. Nd5 e6 15. Ne7+ Kg7 16. g3 a5 17. Nxc8 Rxc8 18. Nd2 Nc6 19. Nc4 Bd4 20. Rd2 Rc7 21. Bg2 Bc5 22. Rhd1 a4 23. Rd7 Rxd7 24. Rxd7 Bxf2 25. Rxb7 Rc8 26. Bxc6 Rxc6 27. Ne5 Be3+ 28. Kd1 Rd6+ 29. Ke2 Bc1 30. Rxf7+ Kg8 31. Rc7 Rd2+ 32. Ke1 Rh2 33. b3 Rxh3 34. Kf2 Rh5 35. Nd3 Rf5+ 36. Ke2 Bg5 37. b4 h5 38. c4 Bf6 39. b5 Bd4 40. c5 e5 41. b6 e4 42. b7 Rf8 43. Nf4 Be5 44. Rc8 1-0

[Event "Ramat Gan Purim Rapid op"]
[Site "Ramat Gan"]
[Date "2023.03.06"]
[Round "3"]
[White "Kantsler, Boris"]
[Black "Sidorenko, Ilya"]
[Result "1/2-1/2"]
[WhiteElo "2412"]
[BlackElo "2367"]
[PlyCount "140"]
[EventDate "2023.03.06"]
[EventType "swiss (rapid)"]
[EventRounds "5"]
[EventCountry "ISR"]
[SourceTitle "CBM 213 Extra"]
[Source "ChessBase"]
[SourceDate "2023.05.31"]
[SourceVersion "1"]
[SourceVersionDate "2023.05.31"]
[SourceQuality "1"]

1. d4 Nf6 2. c4 g6 3. Nf3 Bg7 4. g3 0-0 5. Bg2 d6 6. 0-0 Nc6 7. Nc3 e5 8. d5 Nb8 9. Ne1 a5 10. Nd3 Na6 11. e4 b6 12. f4 exf4 13. gxf4 Ng4 14. Ne1 Re8 15. h3 Nf6 16. Nd3 Nb4 17. Nf2 Ba6 18. a3 Bxc4 19. axb4 Bxf1 20. Qxf1 axb4 21. Rxa8 Qxa8 22. Nb5 Qa1 23. Kh2 Nh5 24. Nd3 Qa4 25. Ne1 Qd1 26. Nf3 Qxf1 27. Bxf1 Rxe4 28. Bd3 Re7 29. f5 gxf5 30. Kg2 Nf6 31. Nbd4 Nxd5 32. Nxf5 Re6 33. Bc4 c6 34. Bxd5 cxd5 35. Nxg7 Kxg7 36. Kf2 Re4 37. b3 d4 38. Bb2 f6 39. Bxd4 Kf7 40. Bxb6 Ke6 41. Be3 Kd5 42. Ke2 f5 43. Kd3 Re8 44. Nd4 Rf8 45. Bf4 Rc8 46. Bd2 Rf8 47. Bxb4 Rb8 48. Bd2 Rf8 49. Bf4 h5 50. b4 Ra8 51. Nc2 Ra2 52. Bd2 Ra8 53. Ne3+ Ke6 54. Ng2 Ra3+ 55. Kd4 Ra2 56. Nf4+ Kd7 57. Kd3 h4 58. Ng6 Ra3+ 59. Bc3 f4 60. Nxf4 Kc6 61. Kc4 Ra2 62. b5+ Kb7 63. Bd4 Ra3 64. Kd5 Rf3 65. Ke4 Rb3 66. b6 Kc6 67. Ne6 Rxh3 68. Nd8+ Kd7 69. b7 Rb3 70. Ba7 Kxd8 1/2-1/2

[Event "Ramat Gan Purim Rapid op"]
[Site "Ramat Gan"]
[Date "2023.03.06"]
[Round "5"]
[White "Postny, Evgeny"]
[Black "Sidorenko, Ilya"]
[Result "1-0"]
[WhiteElo "2544"]
[BlackElo "2367"]
[PlyCount "88"]
[EventDate "2023.03.06"]
[EventType "swiss (rapid)"]
[EventRounds "5"]
[EventCountry "ISR"]
[SourceTitle "CBM 213 Extra"]
[Source "ChessBase"]
[SourceDate "2023.05.31"]
[SourceVersion "1"]
[SourceVersionDate "2023.05.31"]
[SourceQuality "1"]

1. Nf3 Nf6 2. c4 g6 3. Nc3 Bg7 4. e4 d6 5. d4 0-0 6. Be2 e5 7. d5 a5 8. h3 Na6 9. Bg5 Nc5 10. Nd2 h6 11. Be3 Nh7 12. h4 h5 13. a3 Bd7 14. b4 axb4 15. axb4 Rxa1 16. Qxa1 Na6 17. Qa3 f5 18. f3 f4 19. Bf2 g5 20. hxg5 Qxg5 21. c5 Nb8 22. b5 dxc5 23. Qxc5 b6 24. Qxc7 Rc8 25. Qxb6 Rxc3 26. Qxb8+ Rc8 27. Qa7 Bxb5 28. Bxb5 Rc1+ 29. Ke2 Rxh1 30. d6 Nf8 31. d7 Bf6 32. Bc4+ Kh8 33. Qb8 Kg7 34. Qe8 Qg6 35. d8Q Bxd8 36. Qxd8 Qf6 37. Qc7+ Kh6 38. Bc5 Ng6 39. Bg8 Qa6+ 40. Kf2 Qd3 41. Qh7+ Kg5 42. Be7+ Nxe7 43. Qxe7+ Kg6 44. Qf7+ Kh6 1-0

[Event "Ramat Gan op"]
[Site "Ramat Gan"]
[Date "2023.02.27"]
[Round "6"]
[White "Sidorenko, Ilya"]
[Black "Uritsky, Yonathan"]
[Result "1-0"]
[WhiteElo "2392"]
[BlackElo "2047"]
[PlyCount "55"]
[EventDate "2023.01.16"]
[EventType "swiss"]
[EventRounds "7"]
[EventCountry "ISR"]
[SourceTitle "CBM 213 Extra"]
[Source "ChessBase"]
[SourceDate "2023.05.31"]
[SourceVersion "1"]
[SourceVersionDate "2023.05.31"]
[SourceQuality "1"]

1. e4 c6 2. d4 d5 3. e5 Bf5 4. Nf3 e6 5. Be2 Ne7 6. Nbd2 Nd7 7. Nb3 h6 8. 0-0 g5 9. Ne1 c5 10. dxc5 Nc6 11. Bd3 Nxc5 12. Bxf5 exf5 13. Nxc5 Bxc5 14. Nd3 Bb6 15. c3 Qd7 16. a4 Rc8 17. Qh5 Ke7 18. b4 a6 19. Rb1 Qe6 20. b5 Na5 21. bxa6 bxa6 22. Ba3+ Kd8 23. Rxb6 Qxb6 24. Qxf7 Rxc3 25. e6 Kc8 26. Bb2 d4 27. Bxc3 dxc3 28. Qd7+ 1-0

[Event "Ramat Gan op"]
[Site "Ramat Gan"]
[Date "2023.02.13"]
[Round "4"]
[White "Levitan, Ronit"]
[Black "Sidorenko, Ilya"]
[Result "0-1"]
[WhiteElo "2064"]
[BlackElo "2392"]
[PlyCount "84"]
[EventDate "2023.01.16"]
[EventType "swiss"]
[EventRounds "7"]
[EventCountry "ISR"]
[SourceTitle "CBM 213 Extra"]
[Source "ChessBase"]
[SourceDate "2023.05.31"]
[SourceVersion "1"]
[SourceVersionDate "2023.05.31"]
[SourceQuality "1"]

1. e4 c5 2. Nf3 Nc6 3. Bb5 e6 4. 0-0 Nge7 5. d4 cxd4 6. Nxd4 a6 7. Be2 Nxd4 8. Qxd4 Nc6 9. Qc3 b5 10. Qg3 Bb7 11. c3 h5 12. Be3 h4 13. Qh3 Qc7 14. Nd2 Ne5 15. a4 Nc4 16. axb5 Nxe3 17. Qxe3 Bd6 18. bxa6 Bxh2+ 19. Kh1 Bf4 20. Qd3 Rxa6 21. Rxa6 Bxa6 22. Qxa6 Bxd2 23. Rd1 Bf4 24. Qa8+ Qd8 25. Qa3 Qb6 26. Rd4 Be5 27. Ra4 Bb8 28. e5 f6 29. Ra8 Kf7 30. Qa4 Qxf2 31. Qxd7+ Kg6 32. Qd3+ f5 33. Qf3 Qe1+ 34. Qf1 Qg3 35. Qf3 Qxe5 36. Rxb8 Qxb8 37. Qc6 Qe5 38. Bc4 Kf6 39. b4 h3 40. b5 hxg2+ 41. Kxg2 Rh2+ 42. Kf1 Qf4+ 0-1

[Event "ISR-chT"]
[Site "Israel"]
[Date "2023.02.11"]
[Round "8.2"]
[White "Sidorenko, Ilya"]
[Black "Golod, Vitali"]
[Result "0-1"]
[WhiteElo "2392"]
[BlackElo "2501"]
[PlyCount "50"]
[EventDate "2023.01.11"]
[EventType "team-tourn"]
[EventRounds "11"]
[EventCountry "ISR"]
[SourceTitle "EXT 2024"]
[Source "ChessBase"]
[SourceDate "2023.10.10"]
[SourceVersion "1"]
[SourceVersionDate "2023.10.10"]
[SourceQuality "1"]
[WhiteTeam "Ramat Gan II"]
[BlackTeam "Ashdod"]
[WhiteTeamCountry "ISR"]
[BlackTeamCountry "ISR"]

1. e4 e5 2. Nf3 Nc6 3. Bb5 a6 4. Ba4 Nf6 5. 0-0 Nxe4 6. d4 b5 7. Bb3 d5 8. dxe5 Be6 9. c3 Be7 10. Nbd2 Nc5 11. Bc2 d4 12. Nb3 d3 13. Bb1 Nxb3 14. axb3 Bf5 15. Be3 0-0 16. Bd4 Qd5 17. Re1 Rfd8 18. Re3 Nxd4 19. cxd4 c5 20. Bxd3 cxd4 21. Bxf5 dxe3 22. Qxd5 Rxd5 23. Be4 Rdd8 24. Bxa8 e2 25. Re1 Rd1 0-1

[Event "ISR-chT"]
[Site "Israel"]
[Date "2023.01.20"]
[Round "3.5"]
[White "Guz, Ari"]
[Black "Sidorenko, Ilya"]
[Result "1-0"]
[WhiteElo "2306"]
[BlackElo "2392"]
[PlyCount "62"]
[EventDate "2023.01.11"]
[EventType "team-tourn"]
[EventRounds "11"]
[EventCountry "ISR"]
[SourceTitle "CBM 212 Extra"]
[Source "ChessBase"]
[SourceDate "2023.03.31"]
[SourceVersion "1"]
[SourceVersionDate "2023.03.31"]
[SourceQuality "1"]
[WhiteTeam "Rishon Le Zion"]
[BlackTeam "Ramat Gan II"]
[WhiteTeamCountry "ISR"]
[BlackTeamCountry "ISR"]

1. d4 Nf6 2. Nc3 d5 3. Bf4 g6 4. Nb5 Na6 5. e3 Bg7 6. Nf3 0-0 7. h3 c6 8. Nc3 Nc7 9. Be2 Nce8 10. 0-0 Nd6 11. a4 a5 12. b3 Nde4 13. Qe1 Re8 14. Nxe4 dxe4 15. Ne5 Nd5 16. Bh2 Be6 17. Qd2 Qb6 18. Rfc1 Red8 19. Nc4 Qa7 20. c3 Rac8 21. b4 b6 22. bxa5 bxa5 23. Rab1 c5 24. Rb5 Nxc3 25. Qxc3 cxd4 26. exd4 Bxd4 27. Qxa5 Bxf2+ 28. Kf1 Bxc4 29. Rxc4 Qe3 30. Rd5 Re8 31. Rxc8 Rxc8 1-0

[Event "ISR-chT"]
[Site "Israel"]
[Date "2022.03.05"]
[Round "10.2"]
[White "Sidorenko, Ilya"]
[Black "Dvoirys, Semen I"]
[Result "1/2-1/2"]
[WhiteElo "2405"]
[BlackElo "2425"]
[PlyCount "70"]
[EventDate "2022.01.14"]
[EventType "team-tourn"]
[EventRounds "11"]
[EventCountry "ISR"]
[SourceTitle "EXT 2023"]
[Source "ChessBase"]
[SourceDate "2022.10.05"]
[SourceVersion "1"]
[SourceVersionDate "2022.10.05"]
[SourceQuality "1"]
[WhiteTeam "Ramat Gan Etude"]
[BlackTeam "Beer Sheva II"]
[WhiteTeamCountry "ISR"]
[BlackTeamCountry "ISR"]

1. e4 c5 2. Nf3 d6 3. d4 cxd4 4. Nxd4 Nf6 5. Nc3 a6 6. g3 e5 7. Nb3 Nbd7 8. a4 b6 9. Bg2 Bb7 10. 0-0 Be7 11. Nd2 Rc8 12. Re1 0-0 13. Nf1 Nc5 14. Bg5 Nd5 15. Nxd5 Bxg5 16. h4 Bh6 17. Nfe3 Bxe3 18. Rxe3 Bc6 19. c3 a5 20. b3 Ra8 21. Bf1 Ra7 22. Bc4 Kh8 23. Qc2 Bd7 24. Bb5 Bc8 25. b4 axb4 26. Nxb4 Bd7 27. Rd1 Rxa4 28. Nc6 Bxc6 29. Bxc6 Ra6 30. Qd2 Qc7 31. Qxd6 Qxd6 32. Rxd6 b5 33. Re1 Nb7 34. Rd7 Nc5 35. Rd6 Nb7 1/2-1/2

[Event "ISR-chT"]
[Site "Israel"]
[Date "2022.01.22"]
[Round "4.5"]
[White "Sidorenko, Ilya"]
[Black "Gorshtein, Ido"]
[Result "1/2-1/2"]
[WhiteElo "2405"]
[BlackElo "2447"]
[PlyCount "138"]
[EventDate "2022.01.14"]
[EventType "team-tourn"]
[EventRounds "11"]
[EventCountry "ISR"]
[SourceTitle "EXT 2023"]
[Source "ChessBase"]
[SourceDate "2022.10.05"]
[SourceVersion "1"]
[SourceVersionDate "2022.10.05"]
[SourceQuality "1"]
[WhiteTeam "Ramat Gan Etude"]
[BlackTeam "Kfar Saba"]
[WhiteTeamCountry "ISR"]
[BlackTeamCountry "ISR"]

1. e4 c6 2. d4 d5 3. e5 Bf5 4. Nf3 e6 5. Be2 Ne7 6. 0-0 c5 7. dxc5 Nec6 8. Be3 Nd7 9. c4 dxc4 10. Na3 Bxc5 11. Bxc5 Nxc5 12. Nxc4 0-0 13. Qc1 Qd5 14. Rd1 Qe4 15. Qd2 Bg4 16. Nd6 Qg6 17. Qf4 Bxf3 18. Qxf3 Qg5 19. Rac1 Nxe5 20. Qg3 Qxg3 21. hxg3 Na4 22. f4 Ng6 23. b3 Nb6 24. Nxb7 Ne7 25. Na5 Nbd5 26. Kf2 h6 27. Bf3 Rac8 28. Rc4 Nb6 29. Nc6 Nxc6 30. Rxc6 Rxc6 31. Bxc6 Rc8 32. Rc1 Kf8 33. b4 Nd5 34. Rc4 Nxb4 35. Rxb4 Rxc6 36. Rb8+ Ke7 37. Rb7+ Kf6 38. Rxa7 g5 39. a4 Rc2+ 40. Kf3 Rc3+ 41. Kf2 Ra3 42. Ra5 Ra2+ 43. Kf3 Kg6 44. fxg5 hxg5 45. g4 Ra3+ 46. Kf2 Kf6 47. Ra7 Ke5 48. Rxf7 Rxa4 49. Rb7 Kf4 50. Rb2 Re4 51. Rb6 Kxg4 52. Ra6 e5 53. Ra3 Rf4+ 54. Ke2 Rb4 55. Re3 e4 56. Kf2 Rb2+ 57. Kf1 Kf4 58. Ra3 e3 59. Rc3 Rf2+ 60. Kg1 Ke4 61. Ra3 Rf8 62. Ra4+ Ke5 63. Ra5+ Kf4 64. Ra4+ Kf5 65. Kf1 Re8 66. g4+ Ke5 67. Ke2 Kd5 68. Ra5+ Kd4 69. Ra4+ Kd5 1/2-1/2

[Event "ISR-chT"]
[Site "Israel"]
[Date "2021.06.11"]
[Round "7.2"]
[White "Rozentalis, Eduardas"]
[Black "Sidorenko, Ilya"]
[Result "1-0"]
[WhiteElo "2526"]
[BlackElo "2402"]
[PlyCount "77"]
[EventDate "2021.04.22"]
[EventType "team-tourn"]
[EventRounds "11"]
[EventCountry "ISR"]
[SourceTitle "EXT 2022"]
[Source "ChessBase"]
[SourceDate "2021.10.06"]
[SourceVersion "1"]
[SourceVersionDate "2021.10.06"]
[SourceQuality "1"]
[WhiteTeam "Kfar Saba Hapoel"]
[BlackTeam "Beer Sheva Yud Alef"]
[WhiteTeamCountry "ISR"]
[BlackTeamCountry "ISR"]

1. e4 c5 2. Nf3 Nc6 3. Bb5 g6 4. 0-0 Bg7 5. c3 e5 6. d4 cxd4 7. cxd4 exd4 8. Bf4 Nge7 9. Bd6 0-0 10. a4 b6 11. Nbd2 Bb7 12. Nb3 Re8 13. Re1 Nc8 14. Bg3 Qe7 15. Nbxd4 Nxd4 16. Nxd4 Nd6 17. f3 Nxb5 18. axb5 Qb4 19. Ra4 Qxb2 20. Re2 Qc3 21. Rc2 Qe3+ 22. Bf2 Qg5 23. g3 Qe5 24. Rca2 d5 25. f4 Qb8 26. e5 f6 27. Nc6 Bxc6 28. bxc6 fxe5 29. Qxd5+ Kh8 30. Qd7 a5 31. c7 Qb7 32. Rc4 Rac8 33. Rd2 Rf8 34. Rb2 Qa6 35. Rcc2 e4 36. Rxb6 Qd3 37. Rd2 Qa3 38. Qxc8 Rxc8 39. Rb8 1-0

[Event "ISR-chT"]
[Site "Israel"]
[Date "2021.04.23"]
[Round "2.5"]
[White "Sidorenko, Ilya"]
[Black "Birnboim, Nathan"]
[Result "1-0"]
[WhiteElo "2402"]
[BlackElo "2372"]
[PlyCount "61"]
[EventDate "2021.04.22"]
[EventType "team-tourn"]
[EventRounds "11"]
[EventCountry "ISR"]
[SourceTitle "EXT 2022"]
[Source "ChessBase"]
[SourceDate "2021.10.06"]
[SourceVersion "1"]
[SourceVersionDate "2021.10.06"]
[SourceQuality "1"]
[WhiteTeam "Beer Sheva Yud Alef"]
[BlackTeam "Ashdod Elite"]
[WhiteTeamCountry "ISR"]
[BlackTeamCountry "ISR"]

1. e4 c5 2. Nf3 Nc6 3. Bb5 g6 4. Bxc6 dxc6 5. h3 Bg7 6. d3 Nf6 7. Nc3 0-0 8. Bf4 Re8 9. Qd2 Nd7 10. e5 Nf8 11. 0-0-0 Ne6 12. h4 Nxf4 13. Qxf4 Qd7 14. h5 Qf5 15. Qe3 b6 16. hxg6 fxg6 17. Rh4 h5 18. d4 cxd4 19. Rdxd4 c5 20. Rdf4 Bh6 21. Nd5 Qf7 22. Nc7 Bg4 23. g3 Qxa2 24. Nxe8 Rxe8 25. Nd2 Rd8 26. f3 Bf5 27. g4 Bxf4 28. Qxf4 Rd4 29. Qg5 Qa1+ 30. Nb1 Qa6 31. Rh1 1-0

[Event "ISR-chT"]
[Site "Israel"]
[Date "2019.02.23"]
[Round "8.3"]
[White "Sidorenko, Ilya"]
[Black "Haimovich, Tal"]
[Result "1-0"]
[WhiteElo "2395"]
[BlackElo "2408"]
[PlyCount "179"]
[EventDate "2019.01.04"]
[EventType "team-tourn"]
[EventRounds "11"]
[EventCountry "ISR"]
[SourceTitle "CBM 189 Extra"]
[Source "ChessBase"]
[SourceDate "2019.06.03"]
[SourceVersion "1"]
[SourceVersionDate "2019.06.03"]
[SourceQuality "1"]
[WhiteTeam "Beer Sheva Yud Alef"]
[BlackTeam "Herzliya"]
[WhiteTeamCountry "ISR"]
[BlackTeamCountry "ISR"]

1. e4 e5 2. Nf3 Nc6 3. Bb5 a6 4. Ba4 Nf6 5. 0-0 Be7 6. Re1 b5 7. Bb3 d6 8. c3 0-0 9. h3 Nb8 10. d4 Nbd7 11. Nbd2 Bb7 12. Bc2 Re8 13. Nf1 Bf8 14. Ng3 g6 15. a4 Bg7 16. d5 Nb6 17. a5 Nbd7 18. c4 bxc4 19. Nd2 c3 20. bxc3 Nc5 21. Ba3 Nfd7 22. Rb1 Bc8 23. Nc4 Rf8 24. Nf1 Qg5 25. Qd2 Qh4 26. Nfe3 Bh6 27. Qe2 Bg5 28. Qg4 Qh6 29. Qf3 Bf4 30. g4 Bxe3 31. Nxe3 Nb7 32. Nc4 Ndc5 33. Bc1 Qh4 34. Kh2 Bd7 35. Rg1 Rab8 36. Ra1 Qe7 37. Bh6 Rfe8 38. Ne3 Qh4 39. g5 Qf4+ 40. Rg3 Qxf3 41. Rxf3 Nd8 42. Ra2 Rb5 43. Rf6 Ndb7 44. Nc4 Bc8 45. f4 exf4 46. Rxf4 Re7 47. Ra1 Nd7 48. Ba4 Rc5 49. Bxd7 Bxd7 50. Rb1 Rxc4 51. Rxb7 Rxc3 52. Ra7 Re8 53. Rxa6 Rb8 54. Rf2 Rxh3+ 55. Kg2 Rc3 56. Ra7 Re8 57. a6 Bb5 58. e5 Bc4 59. exd6 Bxd5+ 60. Kh2 cxd6 61. Rd7 Rcc8 62. Rxd6 Be6 63. Re2 Ra8 64. Re3 Rec8 65. Kg3 Rc7 66. Red3 Rcc8 67. Ra3 Bf5 68. Ra4 Ra7 69. Rad4 Raa8 70. Kf4 Re8 71. Rb4 Be6 72. Rb7 Bc4 73. a7 Be6 74. Rdb6 Bc8 75. Rc7 Bf5 76. Rbb7 Be6 77. Re7 Red8 78. Ke3 Rdc8 79. Kd4 Rc4+ 80. Ke5 Rc5+ 81. Kd6 Rcc8 82. Rxe6 Rd8+ 83. Ke5 fxe6 84. Rg7+ Kh8 85. Rb7 Rg8 86. Kf6 e5 87. Bg7+ Rxg7 88. Rxg7 e4 89. Rb7 Rf8+ 90. Ke7 1-0

[Event "ISR-chT"]
[Site "Israel"]
[Date "2019.02.15"]
[Round "5.4"]
[White "Smirin, Ilia"]
[Black "Sidorenko, Ilya"]
[Result "1-0"]
[WhiteElo "2610"]
[BlackElo "2395"]
[PlyCount "71"]
[EventDate "2019.01.04"]
[EventType "team-tourn"]
[EventRounds "11"]
[EventCountry "ISR"]
[SourceTitle "CBM 188 Extra"]
[Source "ChessBase"]
[SourceDate "2019.02.26"]
[SourceVersion "1"]
[SourceVersionDate "2019.02.26"]
[SourceQuality "1"]
[WhiteTeam "Ashdod Elite"]
[BlackTeam "Beer Sheva Yud Alef"]
[WhiteTeamCountry "ISR"]
[BlackTeamCountry "ISR"]

1. e4 c5 2. Nf3 d6 3. d4 cxd4 4. Nxd4 Nf6 5. Nc3 Nc6 6. Bg5 e6 7. Qd2 a6 8. 0-0-0 Bd7 9. f3 Be7 10. h4 h6 11. Be3 b5 12. Nxc6 Bxc6 13. Ne2 Qc7 14. Nd4 Bb7 15. g4 Nd7 16. Kb1 Ne5 17. b3 Rc8 18. Bg2 Qc3 19. Qf2 d5 20. Bd2 Qc5 21. exd5 Bxd5 22. Be3 Qc3 23. Bc1 Qc5 24. Qe2 Nc6 25. Be3 Qa3 26. Nxc6 Bxc6 27. Bd4 Bf6 28. Bxf6 gxf6 29. Qe3 Qe7 30. g5 hxg5 31. hxg5 Rg8 32. g6 fxg6 33. Rh7 Qxh7 34. Qxe6+ Kf8 35. Qxc8+ Be8 36. Re1 1-0

[Event "ISR-chT"]
[Site "Israel"]
[Date "2015.05.01"]
[Round "11.2"]
[White "Sidorenko, Ilya"]
[Black "Birnboim, Nathan"]
[Result "0-1"]
[WhiteElo "2415"]
[BlackElo "2336"]
[PlyCount "56"]
[EventDate "2015.01.09"]
[EventType "team-tourn"]
[EventRounds "11"]
[EventCountry "ISR"]
[SourceTitle "EXT 2016"]
[Source "ChessBase"]
[SourceDate "2015.10.08"]
[SourceVersion "1"]
[SourceVersionDate "2015.10.08"]
[SourceQuality "1"]
[WhiteTeam "Beer Sheva II"]
[BlackTeam "Porat Mathematics"]
[WhiteTeamCountry "ISR"]
[BlackTeamCountry "ISR"]

1. e4 c5 2. Nf3 Nc6 3. Bb5 g6 4. Bxc6 dxc6 5. h3 e5 6. d3 f6 7. Be3 b6 8. Qd2 a5 9. 0-0 g5 10. Qc3 Ne7 11. Nbd2 Ng6 12. a3 Nf4 13. Bxf4 gxf4 14. Nxe5 Rg8 15. Ng4 Bxg4 16. Qb3 Rg6 17. hxg4 Qd7 18. Qxb6 Rxg4 19. f3 Rg5 20. Nc4 a4 21. Rae1 Be7 22. e5 Kf8 23. Rf2 f5 24. b3 Rg6 25. bxa4 Qd4 26. Qb7 Re8 27. e6 Rg7 28. Qd7 Qxf2+ 0-1

[Event "ISR-chT 13"]
[Site "Israel"]
[Date "2013.01.18"]
[Round "7.1"]
[White "Sidorenko, Ilya"]
[Black "Porat, Shay"]
[Result "0-1"]
[WhiteElo "2415"]
[BlackElo "2511"]
[PlyCount "92"]
[EventDate "2012.12.21"]
[EventType "team"]
[EventRounds "11"]
[EventCountry "ISR"]
[SourceTitle "EXT 2014"]
[Source "ChessBase"]
[SourceDate "2013.11.20"]
[SourceVersion "1"]
[SourceVersionDate "2013.11.20"]
[SourceQuality "1"]

1. e4 e6 2. d4 d5 3. Nd2 Be7 4. Ngf3 Nf6 5. e5 Nfd7 6. Bd3 c5 7. c3 Nc6 8. 0-0 a5 9. Re1 a4 10. c4 cxd4 11. cxd5 exd5 12. Nf1 Nc5 13. Ng3 Bg4 14. Bf5 Bxf3 15. Qxf3 g6 16. Bg4 d3 17. Bh6 Nd4 18. Qf4 Nde6 19. Bxe6 Nxe6 20. Qd2 Nc5 21. Rac1 Qa5 22. Rc3 d4 23. Rc4 Qxd2 24. Bxd2 Ne6 25. Rec1 Kd7 26. f4 Ra6 27. Rf1 Rb6 28. Rb1 Rc8 29. Rxc8 Kxc8 30. Ne4 Kd7 31. Kf2 Kc6 32. Kf3 Kd5 33. b3 axb3 34. axb3 g5 35. fxg5 Kxe5 36. b4 Kd5 37. h4 Rc6 38. Ra1 Rc2 39. Ra5+ Kc4 40. Rf5 Nd8 41. b5 Bb4 42. Bxb4 Kxb4 43. h5 Re2 44. Re5 Re3+ 45. Kf4 Ne6+ 46. Rxe6 d2 0-1

[Event "ISR-chT 13"]
[Site "Israel"]
[Date "2013.01.11"]
[Round "5.2"]
[White "Krayz, Alexander"]
[Black "Sidorenko, Ilya"]
[Result "1-0"]
[WhiteElo "2319"]
[BlackElo "2415"]
[PlyCount "72"]
[EventDate "2012.12.21"]
[EventType "team"]
[EventRounds "11"]
[EventCountry "ISR"]
[SourceTitle "EXT 2014"]
[Source "ChessBase"]
[SourceDate "2013.11.20"]
[SourceVersion "1"]
[SourceVersionDate "2013.11.20"]
[SourceQuality "1"]

1. e4 c5 2. Nf3 d6 3. Bb5+ Nc6 4. 0-0 Bd7 5. c3 Nf6 6. Re1 a6 7. Ba4 b5 8. Bc2 Bg4 9. d3 e5 10. a4 Be7 11. h3 Bh5 12. Nbd2 0-0 13. Nf1 d5 14. Ng3 Bg6 15. axb5 axb5 16. Rxa8 Qxa8 17. exd5 Nxd5 18. Nxe5 Nxe5 19. Rxe5 Bf6 20. Re1 b4 21. Ne4 bxc3 22. Nxf6+ gxf6 23. bxc3 Nxc3 24. Qd2 Nb5 25. Bb3 Nd4 26. Bc4 Re8 27. Bb2 Qb8 28. Re3 Kg7 29. Bc1 Re5 30. Qa2 Qd6 31. f4 Re7 32. Qf2 Rb7 33. Bb2 h5 34. Re8 Qd7 35. Re1 h4 36. Bc3 Nf5 1-0